High School English Grammar & Composition (Record no. 2041)

MARC details
000 -LEADER
fixed length control field 00339nam a2200133Ia 4500
008 - FIXED-LENGTH DATA ELEMENTS--GENERAL INFORMATION
fixed length control field 230312s9999||||xx |||||||||||||| ||und||
082 ## - DEWEY DECIMAL CLASSIFICATION NUMBER
Classification number 428.2
Item number WRE-E
100 ## - MAIN ENTRY--PERSONAL NAME
Personal name Wren, P.C.
245 #0 - TITLE STATEMENT
Title High School English Grammar & Composition
300 ## - PHYSICAL DESCRIPTION
Extent 376
546 ## - LANGUAGE NOTE
Language note Eng.
650 ## - SUBJECT ADDED ENTRY--TOPICAL TERM
Topical term or geographic name entry element Literature
Form subdivision Sentence , Phrase and Clause ,
942 ## - ADDED ENTRY ELEMENTS (KOHA)
Koha item type BOOK
Holdings
Withdrawn status Lost status Source of classification or shelving scheme Damaged status Not for loan Home library Current library Date acquired Total Checkouts Full call number Barcode Date last seen Price effective from Koha item type
    Dewey Decimal Classification     Superior Information Resource Center (SIRC) Superior University- Main Campus Superior Information Resource Center (SIRC) Superior University- Main Campus 03/13/2023   428.2 WRE-E 2052 03/13/2023 03/13/2023 BOOK

Powered by Koha